000 01794cam a22003375i 4500
999 _c27605
_d27576
001 19521963
003 EG-ScBUE
005 20190909140922.0
008 170224s2017 enka f b 001 0 eng d
020 _a9780415856553 (pbk)
040 _aDLC
_beng
_erda
_cDLC
_dDLC
_dEG-ScBUE
082 0 4 _a401.41
_bGOD
_222
100 1 _aGoddard, Angela,
_d1954-
_eauthor.
245 1 0 _aDiscourse :
_bthe basics /
_cAngela Goddard and Neil Carey.
264 1 _aAbingdon ;
_aNew York :
_bRoutledge, /Taylor & Francis Group,
_c2017.
264 4 _cc2017
300 _axiii, 214 pages :
_billustrations ;
_c21 cm.
336 _atext
_btxt
_2rdacontent
337 _aunmediated
_bn
_2rdamedia
338 _avolume
_bnc
_2rdacarrier
490 0 _aBasics
490 0 _aEnglish language and linguistics
504 _aIncludes bibliographical references (pages [186]-194) and index.
520 _aHumans are social animals and through conversation, written communication, symbols and other expressions are constantly interacting with each other. 'Discourse' is an accessible and engaging introduction to the analysis of those interactions and the many forms, expressions and meanings they can take. The book draws on a range of international case studies and examples from literature, political speech, advertising and newspaper articles to address key questions such as: What is discourse? Why are there different approaches to understanding discourse? What issues affect the collection and management of discourse? How can discourse be represented?
650 7 _aDiscourse analysis
_xStudy and teaching.
_2EG-ScBUE
650 7 _aDiscourse analysis
_vTextbooks.
_2EG-ScBUE
653 _bHHUUEENN
_cSeptember2019
655 _vReading book
700 1 _aCarey, Neil
_c(Psychologist),
_eauthor.
942 _2ddc
_cBB